000 00337nam a2200145Ia 4500
008 210210b xxu||||| |||| 00| 0 eng d
041 _aeng
082 _a821/529
100 _aPOE (E A)
245 _aPoems
260 _aLondon
_bGeorge Routledge and Sons Limited
_c
650 _aPoems
690 _aEnglish Literature
906 _a011698
999 _c130386
_d130386